Italia a través de los informes diplomáticos chilenos, 1924-1940.

Kaydedildi:
Detaylı Bibliyografya
Yazar: Nocera, Raffaele (selección, introducción y notas)
Diğer Yazarlar: Duhart, Carmen Gloria (selección, introducción y notas), Alarcón, Camilo (selección, introducción y notas)
Materyal Türü: Kitap
Baskı/Yayın Bilgisi: Santiago, Chile: Ministerio de Relaciones Exteriores, 2017.
Seri Bilgileri:Colección Informes diplomáticos.
Konular:
Online Erişim:Disponible Online - Ministerio de Relaciones Exteriores de Chile
Etiketler: Etiketle
Etiket eklenmemiş, İlk siz ekleyin!

MARC

LEADER 00000nam a22000007a 4500
003 CL-VaPUC
005 20221221115502.0
008 221207t2017 ||||| |||| 00| 0 eng d
999 |c 439600  |d 439598 
020 |a 978-956-368-330-1 
040 |c Pontificia Universidad Católica de Valparaíso 
082 7 |a 327.45083 NOC 2017  |2 22 
100 |a Nocera, Raffaele   |9 878716  |e selección, introducción y notas 
245 |a Italia a través de los informes diplomáticos chilenos, 1924-1940. 
260 |a Santiago, Chile:  |b Ministerio de Relaciones Exteriores,   |c 2017. 
300 |a 670 páginas.  
490 |a Colección Informes diplomáticos. 
583 |c 20221207  |k GC 
650 |a Fascismo  |z Italia   |x Historia   |y 1924-1940  |9 879160 
651 |a Chile  |x Diplomacia  |y 1924-1940  |9 879161 
651 |a Italia   |x Política y gobierno  |x Historia   |z 1924-1940  |9 879162 
700 |a Duhart, Carmen Gloria  |e selección, introducción y notas  |9 490835 
700 |a Alarcón, Camilo  |e selección, introducción y notas  |9 879163 
856 |u https://www.minrel.gob.cl/biblioarchivo/site/artic/20171102/asocfile/20171102171500/libro_italia_a_trave__s_de_los_informes_diploma__ticos_chilenos_1924_1940.pdf  |y Disponible Online - Ministerio de Relaciones Exteriores de Chile 
942 |2 ddc  |c BK 
952 |0 0  |1 0  |2 ddc  |4 0  |6 327_450830000000000_NOC_2017  |7 0  |8 A  |9 588172  |a BIBHIS  |b BIBHIS  |c GEN  |d 2022-12-07  |e Donación   |i 5655970  |o 327.45083 NOC 2017  |p 5655970  |r 2025-01-20  |t 1  |w 2022-12-07  |y BK  |k HIS